000 00721nam#a22002775ar4500
001 444
008 061107s2001####ag#a###d|#####001#|#spa#d
245 1 0 _aFormación ética y ciudadana :
_b9 EGB /
_cLuis Miguel Donatello, Pablo Hirschmann, Mónica Ipolito.
250 _a1ª ed.
260 _aBuenos Aires :
_bSantillana,
_c2001.
300 _a128 p. :
_bil. ;
_c21 cm.
490 0 _aClaves
020 _a950461048x
100 1 _aDonatello, Luis Miguel.
700 1 _aHirschmann, Pablo.
700 1 _aIpolito, Mónica.
080 _a177
084 _aF76
653 _aCultura
653 _aEstado
653 _aConstitución
653 _aDerechos
005 20241107184635.0
003 AR-ClEAG
942 _cBK
999 _c444
_d444
980 _62
_aEvangelina Gallicchio
_82
_gEvangelina Gallicchio